[Event "III President's Cup"]
[Site "Baku AZE"]
[Date "2008.05.12"]
[Round "1"]
[White "Najer,E"]
[Black "Huseynova,S"]
[Result "1-0"]
[WhiteElo "2627"]
[BlackElo "2106"]

1.d4 d5 2.c4 c6 3.Nc3 e6 4.e3 Nf6 5.Nf3 Bd6 6.Bd3 O-O 7.O-O Nbd7 8.e4 dxe4
9.Nxe4 Nxe4 10.Bxe4 Nf6 11.Bg5 Be7 12.Bc2 Qc7 13.Qd3 g6 14.Qe2 Bd7 15.Rad1 Rfe8
16.Ne5 Rad8 17.Qf3 Kg7 18.Qf4 Rc8 19.Rd3 b6 20.Rf3 Qd8 21.Nxd7 Qxd7 22.Bxf6+ Bxf6
23.Qxf6+  1-0

[Event "ENCI Limburg Open"]
[Site "Maastricht NED"]
[Date "2008.05.12"]
[Round "7"]
[White "Clemens,A"]
[Black "Magnussen,H"]
[Result "1-0"]
[WhiteElo "2326"]
[BlackElo "2039"]

1.d4 d5 2.c4 c6 3.Nc3 Nf6 4.e3 e6 5.Nf3 Nbd7 6.Bd3 dxc4 7.Bxc4 b5 8.Bd3 Bb7
9.e4 b4 10.Na4 c5 11.e5 Nd5 12.dxc5 Qa5 13.O-O Nxc5 14.Nxc5 Bxc5 15.Qe2 h6
16.Bd2 Ke7 17.Rfc1 Rhd8 18.Rc4 Qb6 19.Rg4 Rg8 20.Bh7 f5 21.Rg6 Ba6 22.Qe1 Kf7
23.Bxg8+ Rxg8 24.Rg3 g5 25.h3 f4 26.Rg4 Bd3 27.h4 Bf5 28.Nh2 Kg6 29.Qe2 Bxg4
30.Nxg4 h5 31.Nf6 Nxf6 32.exf6 Kxf6 33.hxg5+ Rxg5 34.Bxf4 Rf5 35.Bg3 b3 36.axb3 Qxb3
37.Ra6 Bb6 38.Ra3 Qd5 39.Rd3 Qc6 40.Qd2 Kg6 41.Bh4 Qa4 42.b4 Qc6 43.Qb2 Bc7
44.Bg3 Bxg3 45.Rxg3+ Rg5 46.Rxg5+ Kxg5 47.Qg7+ Kf5 48.Qxa7 Qc1+ 49.Kh2 Qf4+
50.g3 Qxb4 51.Qf7+ Kg5  1-0

[Event "Mayors Cup Open"]
[Site "Mumbai IND"]
[Date "2008.05.12"]
[Round "2"]
[White "Kulkarni,R"]
[Black "Gambhire,M"]
[Result "1-0"]
[WhiteElo "2181"]
[BlackElo "1871"]

1.d4 d5 2.c4 c6 3.Nf3 Nf6 4.Nc3 e6 5.e3 Nbd7 6.Bd3 dxc4 7.Bxc4 b5 8.Be2 Bb7
9.O-O a6 10.e4 c5 11.e5 Nd5 12.Bg5 Qb6 13.Nxd5 Bxd5 14.a4 c4 15.axb5 axb5
16.Rxa8+ Bxa8 17.b3 c3 18.Qa1 Bxf3 19.Bxf3 b4 20.Qa8+ Qb8 21.Qc6 Be7 22.Ra1 Bxg5
23.Ra8 Qxa8 24.Qxa8+ Ke7 25.Qc6 Ra8 26.g3 Ra1+ 27.Kg2 Ra2 28.Qd6+ Kd8 29.Bc6 Ra7
30.Bxd7 Rxd7 31.Qb8+ Ke7 32.Qxb4+ Ke8 33.Qxc3 Rd5 34.Qc6+ Kd8 35.b4 Be7 36.b5 Bb4
37.b6  1-0

[Event "I Open"]
[Site "Augustow POL"]
[Date "2008.05.14"]
[Round "6"]
[White "Koziak,V"]
[Black "Marszalek,Mac"]
[Result "1/2-1/2"]
[WhiteElo "2484"]
[BlackElo "2355"]

1.d4 d5 2.c4 c6 3.e3 Nf6 4.Nc3 e6 5.Nf3 Nbd7 6.Qc2 Bd6 7.b3 O-O 8.Be2 e5
9.cxd5 cxd5 10.Nb5 Bb4+ 11.Bd2 Bxd2+ 12.Nxd2 a6 13.dxe5 Nxe5 14.Nd4 Bg4  1/2-1/2

[Event "III President's Cup"]
[Site "Baku AZE"]
[Date "2008.05.14"]
[Round "3"]
[White "Aliyev,R"]
[Black "Savchenko,S"]
[Result "0-1"]
[WhiteElo "2139"]
[BlackElo "2560"]

1.d4 d5 2.Nf3 Nf6 3.c4 c6 4.Nc3 e6 5.e3 Nbd7 6.Bd3 dxc4 7.Bxc4 b5 8.Bd3 Bb7
9.a3 Bd6 10.O-O O-O 11.b4 a5 12.Rb1 axb4 13.axb4 Qe7 14.e4 e5 15.Bg5 Rfd8
16.Ne2 h6 17.Bh4 Re8 18.dxe5 Bxe5 19.Nxe5 Nxe5 20.Bc2 Rad8 21.Qc1 Ng6 22.Bxf6 Qxf6
23.Qe3 Ne5 24.Rfd1 Nc4 25.Qa7 Bc8 26.Nd4 Bg4 27.f3 Ne3 28.e5 Qxe5 29.Nxc6 Rxd1+
30.Rxd1 Qc3 31.Ne7+ Kh8  0-1

[Event "FSGM May"]
[Site "Budapest HUN"]
[Date "2008.05.14"]
[Round "12"]
[White "Bui Vinh"]
[Black "Sjugirov,S"]
[Result "0-1"]
[WhiteElo "2448"]
[BlackElo "2492"]

1.d4 d5 2.Nf3 Nf6 3.c4 e6 4.Nc3 c6 5.e3 Nbd7 6.Qc2 Bd6 7.Bd2 Qe7 8.Bd3 dxc4
9.Bxc4 b5 10.Bd3 Bb7 11.Ne4 Nxe4 12.Bxe4 Rc8 13.Rc1 h6 14.O-O O-O 15.Qd1 a6
16.a4 Nb6 17.Ba5 Nd5 18.Bxd5 cxd5 19.axb5 axb5 20.Ne5 b4 21.Qd2 Ba6 22.Rxc8 Rxc8
23.Rc1 Rxc1+ 24.Qxc1 f6 25.Nf3 Qb7 26.h3 Bc4 27.Nd2 Qa6 28.Bd8 Kf7 29.b3 Bb5
30.e4 Ke8 31.e5 fxe5 32.Bh4 e4 33.Kh1 Kd7 34.Qe1 Be2 35.Bg3 Bxg3 36.fxg3 Qd3
37.Qf2 Ke7 38.Qf4 e3 39.Nf3 Bxf3 40.gxf3 Qf1+ 41.Kh2 Qf2+ 42.Kh1 e2 43.Qc7+ Kf6
44.Qe5+ Kf7 45.Qc7+ Kg6  0-1

[Event "11th IHEM"]
[Site "Hamburg GER"]
[Date "2008.05.14"]
[Round "5"]
[White "Zierke,O"]
[Black "Bente,B"]
[Result "1/2-1/2"]
[WhiteElo "2313"]
[BlackElo "2252"]

1.d4 d5 2.c4 c6 3.Nf3 Nf6 4.Nc3 e6 5.e3 Nbd7 6.Qc2 Bd6 7.b3 O-O 8.Be2 b6
9.O-O Bb7 10.Bb2 Qe7 11.Rad1 Rad8 12.Rfe1 Rfe8 13.e4 dxe4 14.Nxe4 Nxe4 15.Qxe4 Nf6
16.Qh4 c5 17.d5 exd5 18.Bd3 Ne4 19.cxd5 Qxh4 20.Nxh4 Nf6 21.Bxf6 Rxe1+ 22.Rxe1 gxf6
23.Be4 Bc8 24.g3 Be5 25.Kg2 h6 26.f4 Bd4 27.Rd1 Kf8 28.Nf3 Bg4 29.f5 Ke7
30.h3 Bxf3+  1/2-1/2

[Event "11th IHEM"]
[Site "Hamburg GER"]
[Date "2008.05.14"]
[Round "6"]
[White "Iotov,V"]
[Black "Beikert,G"]
[Result "1/2-1/2"]
[WhiteElo "2531"]
[BlackElo "2449"]

1.d4 d5 2.Nf3 Nf6 3.c4 c6 4.Nc3 e6 5.e3 Nbd7 6.Bd3 a6 7.e4 dxc4 8.Bxc4 c5
9.e5 Ng4 10.Be3 Nxe3 11.fxe3 Be7 12.O-O O-O 13.a4 Nb6 14.Bb3 Nd5 15.Qd3 Nb4
16.Qe4 Bd7 17.d5 exd5 18.Nxd5 Bc6 19.Rad1 Nxd5 20.Bxd5 Bxd5 21.Rxd5 Qc8 22.a5 Qc6
23.Nd2 Qe6 24.Nc4 Rad8 25.Rxd8 Bxd8 26.b3 b5 27.axb6 Bxb6 28.Rd1 Bc7 29.Qd5 Qe7
30.Qd7 Re8 31.Qxe7 Rxe7 32.Rd5 Kf8 33.Kf2 Ke8 34.h3 Re6 35.Rxc5 Kd7 36.Kf3 Re8
37.Ke4 Rb8 38.Rd5+ Ke6 39.Rc5 Kd7 40.Nd2 Rb4+ 41.Kd3 Rb6 42.g3 Rh6 43.h4 Rg6
44.Ne4 Re6 45.Kd4 Bb6 46.Kd3 Bc7 47.Rd5+ Kc6 48.Rc5+  1/2-1/2

[Event "43rd Capablanca Memorial Open"]
[Site "Havana CUB"]
[Date "2008.05.14"]
[Round "7"]
[White "Pecorelli Garcia,H"]
[Black "Vera Gonzalez Quevedo,R"]
[Result "1/2-1/2"]
[WhiteElo "2384"]
[BlackElo "2497"]

1.d4 Nf6 2.c4 e6 3.Nf3 d5 4.Nc3 c6 5.e3 Nbd7 6.Bd3 dxc4 7.Bxc4 b5 8.Bd3 a6
9.e4 b4 10.Na4 c5 11.e5 Nd5 12.dxc5 Bxc5 13.O-O Be7 14.a3 Bb7 15.Qe2 bxa3  1/2-1/2

[Event "Mayors Cup Open"]
[Site "Mumbai IND"]
[Date "2008.05.14"]
[Round "5"]
[White "Premnath,R"]
[Black "Kochrekar,V"]
[Result "1-0"]
[WhiteElo "2265"]
[BlackElo "1864"]

1.d4 d5 2.c4 e6 3.Nf3 c6 4.e3 Nf6 5.Nc3 Be7 6.Qc2 O-O 7.Bd3 Nbd7 8.b3 Re8
9.O-O Nf8 10.Bb2 a6 11.e4 dxe4 12.Nxe4 Nxe4 13.Bxe4 Bf6 14.Rad1 Qc7 15.Rfe1 Bd7
16.c5 Red8 17.Ne5 Be8 18.Nc4 Rab8 19.g3 Qe7 20.Nb6 g6 21.Nc4 Bg7 22.Bc3 h6
23.Nd6 Qc7 24.Qd2 Qe7 25.Qe3 Qc7 26.Nc4 Qe7 27.Ba5 Rd7 28.Ne5 Bxe5 29.dxe5 Kg7
30.Rd6 Nh7 31.f4 f6 32.exf6+ Nxf6 33.Qd4 Kf7 34.Bc3 b6 35.Bxg6+ Kxg6 36.f5+ Kg7
37.Rexe6 Qf7 38.Rxf6 Rxd6 39.Rxf7+ Kxf7 40.Qg7+  1-0

[Event "Mayors Cup Open"]
[Site "Mumbai IND"]
[Date "2008.05.14"]
[Round "5"]
[White "Kranthi,K"]
[Black "Mehar,C"]
[Result "1/2-1/2"]
[WhiteElo "2101"]
[BlackElo "2265"]

1.d4 d5 2.Nf3 Nf6 3.c4 c6 4.Nc3 e6 5.e3 Nbd7 6.Bd3 dxc4 7.Bxc4 b5 8.Bd3 Bd6
9.O-O O-O 10.b3 Bb7 11.Bb2 a6 12.e4 e5 13.Bc2 Qe7 14.Ne2 Rad8 15.Qc1 Rfe8
16.Ng3 g6 17.Qg5 Kf8 18.Rad1 Ng8 19.Qxe7+ Bxe7 20.dxe5 c5 21.Ne2 Nb6 22.h3 Rxd1
23.Rxd1 Rd8 24.Rxd8+ Bxd8 25.Kf1 Ne7 26.e6 Nc6 27.exf7 Kxf7 28.Ne5+ Nxe5
29.Bxe5 Bf6 30.Bxf6 Kxf6 31.f4 Ke6 32.Kf2 Nd7 33.g4 Nf6 34.Ke3 h6 35.Nc3 g5
36.e5 Nd5+ 37.Nxd5 Bxd5 38.Bf5+ Ke7 39.Be4 Ke6 40.Bf5+ Ke7 41.Be4 Ke6  1/2-1/2

[Event "X Open"]
[Site "Salou ESP"]
[Date "2008.05.14"]
[Round "7"]
[White "Lafuente,P"]
[Black "Tscharotschkin,M"]
[Result "1-0"]
[WhiteElo "2483"]
[BlackElo "2217"]

1.d4 d5 2.c4 c6 3.Nf3 Nf6 4.Nc3 e6 5.e3 Nbd7 6.Qc2 Bd6 7.Bd3 O-O 8.O-O dxc4
9.Bxc4 e5 10.Rd1 exd4 11.Nxd4 Ne5 12.Be2 Qe7 13.b3 Re8 14.h3 Be6 15.Bb2 Rad8
16.Nxe6 Qxe6 17.Na4 Nd5 18.Bd4 b6 19.Bb2 h6 20.Rac1 Qe7 21.Nc3 Nxc3 22.Bxc3 Ba3
23.Rb1 Bd6 24.Rd4 Bb8 25.Rbd1 c5 26.Rxd8 Rxd8 27.Rxd8+ Qxd8 28.Qe4 Ng6 29.g3 Qe7
30.Qa8 Qc7 31.f4 Qd6 32.Kf2 f6 33.Bc4+ Kf8 34.Qe4 Nh8 35.Qf5 Nf7 36.e4 Qc6
37.Bd5 Qd6 38.h4 b5 39.Qc8+ Ke7 40.Ba5 Nd8 41.Bxd8+ Qxd8 42.Qe6+  1-0

[Event "11th IHEM"]
[Site "Hamburg GER"]
[Date "2008.05.15"]
[Round "7"]
[White "Borges,Gu"]
[Black "Bente,B"]
[Result "1/2-1/2"]
[WhiteElo "2166"]
[BlackElo "2252"]

1.d4 d5 2.Nf3 Nf6 3.c4 c6 4.Nc3 e6 5.e3 Nbd7 6.Bd3 dxc4 7.Bxc4 b5 8.Bd3 Bb7
9.O-O b4 10.Ne4 c5 11.dxc5 Bxc5 12.Nxc5 Nxc5 13.Bb5+ Ke7 14.Bd2 a5 15.a3 Nce4
16.Rc1 Nxd2 17.Qxd2 Bxf3 18.Qxd8+ Rhxd8 19.gxf3 Rac8 20.axb4 axb4 21.Rxc8 Rxc8
22.Ra1 Kd6 23.Kf1 Nd5 24.Bd3 g6 25.Ke2 Nb6 26.Ra6 Kc5 27.Ra5+ Kd6 28.Rb5 Nd5
29.e4 Nf4+ 30.Kd2 Nxd3 31.Kxd3 Rc1 32.e5+ Kc6 33.Rxb4 Re1 34.Re4 Rh1 35.h4 Kd5
36.b4 h6 37.Kd2 Rb1 38.Ke2 Rb3 39.Rf4 Kxe5 40.Rxf7 Rxb4 41.h5 gxh5 42.Rh7 Kf4
43.Rxh6 Rb2+ 44.Kf1 Kxf3 45.Rf6+ Kg4  1/2-1/2

[Event "III President's Cup"]
[Site "Baku AZE"]
[Date "2008.05.16"]
[Round "5"]
[White "Sanikidze,T"]
[Black "Beliavsky,A"]
[Result "1/2-1/2"]
[WhiteElo "2458"]
[BlackElo "2641"]

1.d4 d5 2.c4 c6 3.Nf3 Nf6 4.Nc3 e6 5.e3 Nbd7 6.Bd3 dxc4 7.Bxc4 b5 8.Bd3 a6
9.a4 b4 10.Ne4 c5 11.dxc5 Nxc5 12.Nxc5 Bxc5 13.Qe2 Qe7 14.e4 e5 15.O-O O-O
16.h3 h6 17.Be3 Bxe3 18.Qxe3 Bb7 19.Rac1 Rfc8 20.Qb6 Nxe4 21.Rxc8+ Rxc8 22.Bxa6 Bxa6
23.Qxa6 Qc7 24.Qb5 Qc5 25.Nxe5 Qxb5 26.axb5 Rc5 27.Nc6 Rxb5 28.Re1 Nd6 29.Rd1 Nb7
30.Rd7 b3 31.g4 Kf8 32.Rc7 Nd6 33.Rd7 Nb7 34.h4 g6 35.Kg2 Ke8 36.Re7+ Kf8
37.Rd7 Ke8  1/2-1/2

[Event "11th North American FIDE Inv"]
[Site "Chicago USA"]
[Date "2008.05.17"]
[Round "1"]
[White "Ginsburg,M"]
[Black "Stamnov,A"]
[Result "1/2-1/2"]
[WhiteElo "2365"]
[BlackElo "2239"]

1.c4 c6 2.d4 d5 3.Nf3 Nf6 4.e3 e6 5.Nc3 Nbd7 6.Qc2 Bd6 7.Be2 O-O 8.O-O dxc4
9.Rd1 Qe7 10.a4 e5 11.Nd2 exd4 12.Nxc4 Bc7 13.Rxd4 Ne5 14.b3 Nxc4 15.Rxc4 Rd8
16.Nb5 Bxh2+ 17.Kxh2 cxb5 18.Rf4 Nd5 19.Rd4 bxa4 20.Raxa4 Be6 21.Qd2 Qc7+
22.g3 Nb6 23.Rxa7 Rxd4 24.Rxa8+ Nxa8 25.Qxd4 Bxb3 26.Bb2 f6 27.Bd3 Bf7 28.Qe4 Bg6
29.Bc4+ Kh8 30.Qe6 Qd8 31.Bd4 h5 32.f4 Nc7 33.Qb6 Be4 34.Be2 Bc6 35.Qc5 g6
36.Qg5 Kh7 37.Qxf6 Qxf6 38.Bxf6 Be4 39.Kg1 Kg8 40.Kf2 Kf7 41.Be5 Ne6 42.Bc4  1/2-1/2

[Event "Mayors Cup Open"]
[Site "Mumbai IND"]
[Date "2008.05.17"]
[Round "9"]
[White "Kranthi,K"]
[Black "Uttam,R"]
[Result "1/2-1/2"]
[WhiteElo "2101"]
[BlackElo "1853"]

1.d4 d5 2.Nf3 Nf6 3.c4 c6 4.Nc3 e6 5.e3 Nbd7 6.Bd3 dxc4 7.Bxc4 b5 8.Bd3 Bb7
9.O-O a6 10.b3 c5 11.Bb2 Rc8 12.Re1 cxd4 13.Nxd4 Bb4 14.Rc1 Qa5 15.Nde2 Ne5
16.a3 Bxa3 17.Bxa3 Qxa3 18.Bb1 O-O 19.Qd4 Ng6 20.Qb6 Ba8 21.Bc2 Qb4 22.Bxg6 hxg6
23.Qxa6 Qg4 24.Ng3 b4 25.Nce2 Rxc1 26.Rxc1 Bd5 27.f3 Qg5 28.Qd3 Qe5 29.e4 Bb7
30.Qd4 Qxd4+ 31.Nxd4 Rd8 32.Rc4 e5 33.Nde2 Bc8 34.Rxb4 Be6 35.Rb5 Rd1+ 36.Kf2 Nd7
37.Nc3 Rd2+ 38.Nge2 Rc2 39.Ke3 Rb2 40.b4 f6 41.Rb7 Kf8 42.Na4 Ra2 43.Nac3 Rb2
44.b5 Ke8 45.Rc7  1/2-1/2

[Event "TCh-HUN 2007-8"]
[Site "Budapest HUN"]
[Date "2008.05.18"]
[Round "11"]
[White "Pinter,J"]
[Black "Gonda,L"]
[Result "1/2-1/2"]
[WhiteElo "2533"]
[BlackElo "2502"]

1.d4 d5 2.c4 c6 3.Nc3 Nf6 4.e3 e6 5.Nf3 a6 6.b3 Bb4 7.Bd2 Nbd7 8.Bd3 Qe7
9.O-O O-O 10.Qc2 h6 11.Rad1 Re8 12.h3 b5 13.Rfe1 bxc4 14.bxc4 dxc4 15.Bxc4 c5
16.dxc5 Bxc5 17.Na4 Bb7 18.Nxc5 Qxc5 19.Bd3  1/2-1/2

[Event "TCh-HUN 2007-8"]
[Site "Budapest HUN"]
[Date "2008.05.18"]
[Round "11"]
[White "Bernei,A"]
[Black "To,N"]
[Result "0-1"]
[WhiteElo "2274"]
[BlackElo "2281"]

1.Nf3 d5 2.c4 c6 3.e3 Nf6 4.Nc3 e6 5.d4 a6 6.Ne5 Nbd7 7.f4 dxc4 8.Bxc4 c5
9.O-O b5 10.Qf3 Rb8 11.Bb3 Bb7 12.Qh3 Qb6 13.Nxd7 Nxd7 14.f5 c4 15.Bc2 e5
16.dxe5 Nxe5 17.Qg3 f6 18.a4 Kf7 19.axb5 axb5 20.Ne4 Bc5 21.Nxc5 Qxc5 22.b4 Qxb4
23.e4 Ra8 24.Rb1 Qa5 25.Bf4 Rhe8 26.Rfd1 Bc6 27.Rd6 Qc7 28.Rd2 Qb7 29.Bd1 Bxe4
30.Bh5+ g6 31.fxg6+ hxg6 32.Rf1 Nd3 33.Be2 Kg7 34.Be3 Rad8 35.Bxd3 Bxd3 36.Rf4 Qe7
37.Bf2 b4 38.Ra2 b3 39.Ra7 b2  0-1

[Event "LXXII ch-CRC Fase 1"]
[Site "Moravia CRC"]
[Date "2008.05.18"]
[Round "2"]
[White "Zoghaib,C"]
[Black "Solis,E"]
[Result "0-1"]
[WhiteElo "1970"]
[BlackElo "2120"]

1.d4 d5 2.c4 c6 3.Nf3 e6 4.Nc3 Nf6 5.e3 Nbd7 6.Bd3 Be7 7.O-O O-O 8.a3 a6
9.b4 b5 10.cxd5 cxd5 11.Qe2 Bb7 12.Bb2 Nb6 13.Ne5 Ne4 14.Rac1 f6 15.Nf3 Bd6
16.Rfd1 Qd7 17.Qc2 Rac8 18.Qb3 Nxc3 19.Bxc3 Nc4 20.Bb1 Qf7 21.Ne1 Qh5 22.g3 g5
23.Nd3 Bc6 24.Nc5 Bxc5 25.bxc5 f5 26.Bd3 Rf6 27.Bf1 Rcf8 28.h3 f4 29.g4 Qg6
30.Bd2 h5 31.Bd3 Qh6 32.exf4 Nxd2 33.Rxd2 hxg4 34.Bf1 gxf4 35.f3 g3 36.a4 Qh5
37.axb5 Bxb5 38.Bg2 Rh6 39.Re1 Qe8 40.Qc2 Bc4 41.Re5 Qg6 42.Qb2 Rf5 43.Re1 Qe8
44.Qb1 Bb5 45.Bf1 Qh5 46.Bg2 Qf7 47.Rb2 Qh5 48.Qa2 Rf8 49.Qa5 Qf5 50.Qb6 Qd3
51.c6 e5 52.Qc5 Qxd4+ 53.Qxd4 exd4 54.Rd2 Rxc6 55.Rxd4 Rf5 56.h4 Rc4 57.Rd2 Rh5
58.Bh3 Rc5 59.Red1 Kf7 60.Bg4 Rxh4 61.Rxd5 Rxd5 62.Rxd5 Rh2 63.Rf5+ Kg6 64.Rxf4 Rb2
65.Bc8 Kh5 66.Rg4 Rc2 67.Bf5 Rc5 68.Bg6+ Kh6 69.Rxg3 a5 70.f4 Bd7 71.Be4 a4
72.f5 Bxf5 73.Bxf5 Rxf5 74.Ra3 Rf4 75.Kg2 Kg5 76.Kg3 Kf5 77.Rc3 Rb4 78.Rc5+ Ke4
79.Kf2 Kd3 80.Ke1 a3 81.Ra5 Rb3 82.Ra8 Kc2 83.Rc8+ Rc3 84.Ra8 Re3+ 85.Kf2 Rb3
86.Rc8+ Kb2 87.Ke2 a2  0-1

[Event "Mayors Cup Open"]
[Site "Mumbai IND"]
[Date "2008.05.18"]
[Round "10"]
[White "Divyasri,C"]
[Black "Bhandarkar,D"]
[Result "1-0"]
[WhiteElo "2110"]
[BlackElo "1966"]

1.d4 d5 2.c4 c6 3.Nc3 Nf6 4.e3 e6 5.Nf3 Nbd7 6.Qc2 Bd6 7.Bd3 O-O 8.O-O dxc4
9.Bxc4 e5 10.Rd1 Qe7 11.e4 exd4 12.Nxd4 Ne5 13.Bf1 Ng6 14.g3 Rd8 15.Nf5 Bxf5
16.exf5 Ne5 17.Bg2 Bc5 18.Bg5 Bb6 19.Ne4 Neg4 20.h3 h6 21.Bh4 Rxd1+ 22.Rxd1 Nxe4
23.Bxe7 Bxf2+ 24.Qxf2 Ngxf2 25.Re1 Nxg3 26.Kxf2 Nxf5 27.Bb4 Rd8 28.Be4 Rd4
29.Bc3 Rc4 30.Kg1 Nd6 31.Bc2 b5 32.Rd1 Ne8 33.a3 c5 34.Bd3 Rh4 35.Bxb5 Nf6
36.Rd8+  1-0

[Event "III President's Cup"]
[Site "Baku AZE"]
[Date "2008.05.19"]
[Round "8"]
[White "Nigalidze,G"]
[Black "Zeynalov,F"]
[Result "1-0"]
[WhiteElo "2455"]
[BlackElo "2304"]

1.Nf3 d5 2.d4 Nf6 3.c4 c6 4.Nc3 e6 5.e3 Nbd7 6.Bd3 dxc4 7.Bxc4 b5 8.Bd3 Bb7
9.O-O a6 10.Qe2 c5 11.a4 b4 12.Nb1 Ne4 13.Rd1 Qc7 14.Nbd2 Ndf6 15.Nc4 Ng4
16.Nfe5 Ngf6 17.a5 Be7 18.Nb6 Ra7 19.Qc2 Bd6 20.f3 cxd4 21.exd4 Nc5 22.Bf4 Nxd3
23.Qxc7 Bxc7 24.Nxd3 Bxf4 25.Nxf4 Nd5 26.Nd3 Ke7 27.Rac1 Rd8 28.Rc4 Rd6 29.Rdc1 f6
30.Rc7+ Nxc7 31.Rxc7+ Kd8 32.Rxg7 Be4 33.Rg8+ Kc7 34.Rc8+ Kb7 35.Nc5+  1-0

[Event "ch-Catalunya"]
[Site "Barcelona ESP"]
[Date "2008.05.19"]
[Round "2.1"]
[White "Narciso Dublan,M"]
[Black "Magem Badals,J"]
[Result "0-1"]
[WhiteElo "2509"]
[BlackElo "2470"]

1.d4 d5 2.c4 c6 3.Nf3 Nf6 4.Nc3 e6 5.e3 Nbd7 6.Qc2 Bd6 7.Be2 O-O 8.O-O dxc4
9.Bxc4 b5 10.Be2 Bb7 11.Rd1 Qb8 12.e4 e5 13.dxe5 Nxe5 14.g3 b4 15.Nb1 c5
16.Nbd2 Re8 17.Re1 a5 18.b3 a4 19.bxa4 c4 20.Bxc4 Nxe4 21.Bxf7+ Nxf7 22.Nxe4 Qc7
23.Qd3 Qc6 24.Nfd2 Be5 25.Rb1 Bc3 26.f3 Ne5 27.Qf1 Rad8 28.Nxc3 bxc3 29.Ne4 Rd3
30.Be3 Rf8 31.Rxb7 Nxf3+ 32.Qxf3 Rxf3 33.Rb8+ Rf8 34.Rxf8+ Kxf8 35.Bc5+ Kg8  0-1

[Event "TCh-CHN Torch Real Estate Cup"]
[Site "Jiangsu Wuxi CHN"]
[Date "2008.05.19"]
[Round "7"]
[White "Wu Wenjin"]
[Black "Xiu Deshun"]
[Result "0-1"]
[WhiteElo "2442"]
[BlackElo "2371"]

1.d4 d5 2.Nf3 Nf6 3.c4 c6 4.e3 e6 5.Nc3 Nbd7 6.Bd3 dxc4 7.Bxc4 b5 8.Bd3 Bd6
9.a3 O-O 10.O-O Bb7 11.Bd2 a5 12.Qc2 Qb8 13.Ne4 Nxe4 14.Bxe4 f5 15.Bd3 c5
16.Bxb5 Bxf3 17.Bxd7 Bxh2+ 18.Kh1 Bd5 19.dxc5 Rf6 20.e4 Bxe4 21.Qc1 Rg6 22.Bg5 h6
23.f3 hxg5 24.fxe4 Rh6 25.Bxe6+ Kh8 26.Qxg5 Bf4+ 27.Qxh6+ Bxh6 28.Rxf5 Qxb2
29.Raf1 Qxa3 30.c6 Qd6 31.Bd7 g6 32.Rf6 Qc5 33.Bh3 Bg7 34.Rxg6 Rf8 35.Rf5 Rxf5
36.exf5 Be5 37.g3 a4 38.f6 Qc1+  0-1

[Event "TCh-CHN Torch Real Estate Cup"]
[Site "Jiangsu Wuxi CHN"]
[Date "2008.05.19"]
[Round "7"]
[White "Ju Wenjun"]
[Black "Ruan Lufei"]
[Result "1-0"]
[WhiteElo "2374"]
[BlackElo "2495"]

1.d4 d5 2.c4 c6 3.Nf3 Nf6 4.Nc3 e6 5.e3 Nbd7 6.Bd3 dxc4 7.Bxc4 b5 8.Bd3 a6
9.e4 c5 10.e5 cxd4 11.Nxb5 Ng4 12.Qa4 Qb6 13.O-O Bb7 14.Nbxd4 Bc5 15.h3 Bxf3
16.hxg4 Bd5 17.Nb3 Bxb3 18.axb3 O-O 19.Qe4 g6 20.Bh6 Rfc8 21.Bc4 Ra7 22.Kh1 Qd8
23.g3 Nb6 24.Bxa6 Rb8 25.Rad1 Qc7 26.Bb5 Nd5 27.Bc4 Nb6 28.Rd2 Bb4 29.Rd4 Bc5
30.Rd2 Bb4 31.Rc2 Ra5 32.Bb5 Qe7 33.Bc6 Nd5 34.Rfc1 Qd8 35.Qd4 Be7 36.Bb7 Nb6
37.Qxd8+ Bxd8 38.Bc6 g5 39.f4 f6 40.b4 Ra7 41.exf6 Bxf6 42.Re1 Re7 43.fxg5 Bg7
44.Rce2 Bxh6 45.gxh6 Kf7 46.g5 Kg6 47.Re5 Nc4 48.Rc5 Nd6 49.b5 Rb6 50.g4 Rb8
51.Rd1  1-0

[Event "Capo d'Orso Open"]
[Site "Porto Mannu Palau ITA"]
[Date "2008.05.19"]
[Round "3"]
[White "Fathallah,J"]
[Black "Ibba,I"]
[Result "0-1"]
[WhiteElo "1970"]
[BlackElo "2222"]

1.d4 d5 2.c4 e6 3.Nc3 c6 4.e3 Nf6 5.Nf3 Nbd7 6.Bd3 dxc4 7.Bxc4 b5 8.Bb3 a6
9.O-O Bb7 10.Ne2 Bd6 11.Nf4 O-O 12.Ng5 Qe7 13.e4 e5 14.Nxh7 Kxh7 15.Nh3 exd4
16.Ng5+ Kg8 17.f4 Nxe4 18.Nxe4 Qxe4 19.Bc2 Qd5 20.Bb3 Qf5 21.g4 Qe4 22.Bc2 d3  0-1

[Event "III President's Cup"]
[Site "Baku AZE"]
[Date "2008.05.20"]
[Round "9"]
[White "Sulashvili,M"]
[Black "Guseinov,G"]
[Result "0-1"]
[WhiteElo "2491"]
[BlackElo "2625"]

1.d4 d5 2.c4 c6 3.Nc3 Nf6 4.e3 e6 5.Nf3 a6 6.Qc2 c5 7.cxd5 exd5 8.Be2 Nc6
9.O-O Be6 10.Rd1 Nb4 11.Qd2 Ne4 12.Nxe4 dxe4 13.Ne5 cxd4 14.exd4 Bd6 15.a3 Nd5
16.Qc2 f5 17.f3 e3 18.Qb3 f4 19.Bc4 Bc7 20.Qxb7 O-O 21.Nd3 Rb8 22.Qxa6 Rb6
23.Qa4 Qh4 24.Qc2 Rc6 25.Nc5 Rf6 26.Qe4 Rh6 27.Bxd5 Qxh2+ 28.Kf1 Qh5 29.Bxe6+ Rhxe6
30.Qxe6+ Rxe6 31.Nxe6 Qh1+ 32.Ke2 Qxg2+ 33.Kd3 Qg6+ 34.Kc3 Qxe6 35.d5 Be5+
36.Kc2 Qa6  0-1

[Event "Capo d'Orso Open"]
[Site "Porto Mannu Palau ITA"]
[Date "2008.05.20"]
[Round "4"]
[White "Hocevar,N"]
[Black "Salzano,G"]
[Result "1/2-1/2"]
[WhiteElo "2112"]
[BlackElo "1977"]

1.d4 d5 2.c4 c6 3.Nf3 Nf6 4.Nc3 e6 5.e3 Nbd7 6.Bd3 dxc4 7.Bxc4 b5 8.Be2 b4
9.Na4 Bb7 10.O-O Be7 11.b3 O-O 12.Bb2 Rc8 13.Ne5 Nxe5 14.dxe5 Nd5 15.Rc1 c5
16.Qd3 Qa5 17.Qb5  1/2-1/2

[Event "Capo d'Orso Open"]
[Site "Porto Mannu Palau ITA"]
[Date "2008.05.21"]
[Round "6"]
[White "Naumkin,I"]
[Black "Korneev,O"]
[Result "1/2-1/2"]
[WhiteElo "2494"]
[BlackElo "2651"]

1.d4 d5 2.c4 e6 3.Nf3 Nf6 4.Nc3 c6 5.e3 Nbd7 6.Qc2 Bd6 7.Bd3 O-O 8.O-O dxc4
9.Bxc4 a6 10.h3 c5 11.a4 b6 12.d5 exd5 13.Nxd5 Bb7 14.e4 Bxd5 15.Bxd5 Nxd5
16.exd5 h6 17.Be3 Re8  1/2-1/2

[Event "Capo d'Orso Open"]
[Site "Porto Mannu Palau ITA"]
[Date "2008.05.21"]
[Round "6"]
[White "De Jong,JW"]
[Black "Hillarp Persson,T"]
[Result "1/2-1/2"]
[WhiteElo "2474"]
[BlackElo "2491"]

1.d4 d5 2.c4 c6 3.Nc3 Nf6 4.e3 e6 5.Nf3 Nbd7 6.Qc2 Bd6 7.b3 O-O 8.Bb2 a6
9.Bd3 Qe7 10.Rd1 Re8 11.h3 h6 12.Ne2 e5 13.dxe5 Nxe5 14.Nxe5 Bxe5 15.Bxe5 Qxe5
16.O-O dxc4 17.Qxc4 Be6 18.Qb4 b5 19.Rc1 Rad8 20.Rfd1 Bd5 21.Qf4 Qg5 22.Qxg5 hxg5
23.Nd4 Rc8 24.b4  1/2-1/2

[Event "Capo d'Orso Open"]
[Site "Porto Mannu Palau ITA"]
[Date "2008.05.21"]
[Round "6"]
[White "Brunello,S"]
[Black "Bruno,Fabi"]
[Result "1-0"]
[WhiteElo "2475"]
[BlackElo "2450"]

1.d4 d5 2.c4 c6 3.e3 Nf6 4.Nc3 e6 5.Nf3 Nbd7 6.Qc2 Bd6 7.Bd3 dxc4 8.Bxc4 O-O
9.O-O Qe7 10.h3 a6 11.a4 c5 12.dxc5 Bxc5 13.e4 Qd6 14.Rd1 Qc7 15.Qe2 Ne5
16.Nxe5 Qxe5 17.Be3 Nh5 18.Rac1 Nf4 19.Qf3 Bxe3 20.Qxe3 Qg5 21.Bf1 e5 22.Kh2 b5
23.g3 Ne6 24.Qxg5 Nxg5 25.axb5 axb5 26.Bg2 Rb8 27.f4 exf4 28.gxf4 Ne6 29.Nd5 Re8
30.f5 Nf8 31.Nc7 Bd7 32.Nxe8 Rxe8 33.Rc7 Bc8 34.Bf1  1-0

[Event "VIII Mario Covas"]
[Site "Santos BRA"]
[Date "2008.05.21"]
[Round "5"]
[White "Mareco,S"]
[Black "Zambrana,O"]
[Result "1/2-1/2"]
[WhiteElo "2470"]
[BlackElo "2479"]

1.d4 d5 2.c4 c6 3.Nf3 e6 4.e3 Nf6 5.Nc3 Nbd7 6.Bd3 dxc4 7.Bxc4 b5 8.Bd3 Bd6
9.O-O O-O 10.a3 Bb7 11.h3 Qe7 12.Bd2 a6 13.e4 e5 14.b4 exd4 15.Nxd4 c5 16.Nf5 Qe6
17.Re1 Rfd8 18.Qb1 Rac8 19.f4 cxb4 20.axb4 Bxb4 21.Qxb4 Nc5 22.Bb1 Rxd2 23.Nxb5 axb5
24.Qxd2 Ncxe4 25.Bxe4 Nxe4 26.Rxe4 Bxe4 27.Nd6 Rb8 28.Re1 f5 29.Qb4  1/2-1/2

[Event "XXVII Open"]
[Site "Zalakarosi HUN"]
[Date "2008.05.22"]
[Round "1"]
[White "Pataki,G"]
[Black "Porubszky Angyalosine,M"]
[Result "1/2-1/2"]
[WhiteElo "2386"]
[BlackElo "2119"]

1.d4 d5 2.c4 c6 3.Nc3 Nf6 4.Nf3 e6 5.e3 Bd6 6.Qc2 O-O 7.Bd3 Nbd7 8.O-O dxc4
9.Bxc4 e5 10.Bb3 exd4 11.exd4 Nb6 12.Bg5 Be7 13.h3 Nfd5 14.Bxe7 Nxe7 15.Rfe1 Bf5
16.Qd2 Ned5 17.Re5 Bg6 18.Nxd5 cxd5 19.Rc1 f6 20.Ree1 Bf7 21.Bc2 Qd6 22.b3 a5
23.Nh4  1/2-1/2

[Event "17th Open"]
[Site "Chicago USA"]
[Date "2008.05.23"]
[Round "?"]
[White "Goldstein,B"]
[Black "Burgess,J"]
[Result "1/2-1/2"]
[WhiteElo "2103"]
[BlackElo "2223"]

1.Nf3 d5 2.c4 e6 3.d4 c6 4.e3 Nf6 5.Nc3 Nbd7 6.Qc2 Bd6 7.g4 Nxg4 8.Rg1 Qf6
9.Rxg4 Qxf3 10.Rxg7 Nf6 11.Rg5 Qh1 12.f4 Ne4 13.Nxe4 Qxe4 14.Qxe4 dxe4 15.Bg2 f5
16.Bf1 c5 17.Bd2 Kf7 18.Bc3 Rg8  1/2-1/2

[Event "Capo d'Orso Open"]
[Site "Porto Mannu Palau ITA"]
[Date "2008.05.23"]
[Round "8"]
[White "Naumkin,I"]
[Black "Hillarp Persson,T"]
[Result "1-0"]
[WhiteElo "2494"]
[BlackElo "2491"]

1.d4 d5 2.c4 c6 3.Nf3 Nf6 4.Nc3 e6 5.e3 Nbd7 6.Qc2 Bd6 7.Bd3 O-O 8.O-O dxc4
9.Bxc4 b5 10.Be2 Bb7 11.Rd1 Qb8 12.a3 Rc8 13.h3 b4 14.axb4 Bxb4 15.e4 h6
16.e5 Nd5 17.Ne4 Be7 18.Nc5 Bxc5 19.dxc5 Nxe5 20.Nd4 a5 21.Ra3 Kh8 22.Rg3 Re8
23.Re1 Qc7 24.Bh5 Rad8 25.Qe2 Ng6 26.Bxg6 Nf6 27.Nf3 fxg6 28.Rxg6 Nh7 29.Ne5 Rf8
30.Rxe6 Rf6 31.Re7 Qc8 32.Nf7+ Rxf7 33.Rxf7 Nf6 34.Bxh6 Re8 35.Bxg7+ Kg8
36.Re7  1-0